March Madness 2026 - Statistics

General Stats
  • This quiz has been taken 46 times
  • The average score is 52 of 64
Answer Stats
SEED EAST REGION % Correct
1 Arizona
100%
1 Duke
100%
1 Florida
100%
1 Michigan
100%
11 Texas/NC State
100%
4 Alabama
96%
3 Illinois
96%
9 Iowa
96%
4 Kansas
96%
7 Miami
96%
11 Miami OH/SMU
96%
5 St. John's
96%
2 UCONN
96%
12 High Point
93%
2 Houston
93%
3 Michigan State
93%
4 Nebraska
93%
2 Purdue
93%
7 UCLA
93%
5 Vanderbilt
93%
4 Arkansas
89%
6 BYU
89%
2 Iowa State
89%
10 Missouri
89%
6 Tennessee
89%
5 Wisconsin
89%
7 Kentucky
86%
8 Ohio State
86%
16 Siena
86%
9 TCU
86%
8 Clemson
82%
3 Gonzaga
82%
6 North Carolina
82%
10 Santa Clara
82%
9 St. Louis
82%
10 UCF
82%
11 USF
82%
3 Virginia
82%
8 Georgia
79%
6 Louisville
79%
5 Texas Tech
79%
8 Villanova
79%
16 Howard/UMBC
75%
9 Utah State
75%
12 Akron
71%
13 Hawaii
71%
13 Hofstra
71%
16 Long Island
71%
16 Prairie View A&M/Lehigh
71%
11 VCU
71%
13 Cal Baptist
68%
12 Northern Iowa
68%
15 Furman
64%
10 Texas A&M
64%
13 Troy
64%
14 Wright State
64%
12 McNeese
61%
15 Queens
61%
7 St. Mary's
61%
14 North Dakota State
57%
14 Penn
57%
15 Idaho
50%
14 Kennesaw State
50%
15 Tennessee State
50%
No matching quizzes found
Score Distribution
Percent of People with Each Score
Percentile by Number Answered
Your Score History
You have not taken this quiz